Teoretické a metodologické východiská súčasnej regulácie bankových úverov a návrhy zmien do budúcnosti dizertačná práca

Saved in:
Bibliographic Details
Main Author: Artimová, Miroslava
Corporate Author: Národohospodárska fakulta EU. Katedra bankovníctva a medzinárodných financií
Other Authors: Horvátová, Eva, 1958-
Format: Book
Language:Slovak
Published: Bratislava 2015
Subjects:
Tags: Add Tag
No Tags, Be the first to tag this record!

MARC

LEADER 00000nbm a2200000 4500
001 0209473
005 20240502073500.4
041 0 |a slo 
044 |a SK 
245 1 0 |a Teoretické a metodologické východiská súčasnej regulácie bankových úverov a návrhy zmien do budúcnosti  |b dizertačná práca  |c Miroslava Artimová ; školiteľ: Eva Horvátová 
264 1 |a Bratislava  |c 2015 
300 |a 157 s. 
610 2 0 |a úver bankový 
610 2 0 |a úver hypotekárny 
610 2 0 |a ekonómia 
610 2 0 |a veda ekonomická 
610 2 0 |a Európska únia 
610 2 0 |a Veľká Británia 
610 2 0 |a smernice 
100 1 |a Artimová, Miroslava 
700 1 |a Horvátová, Eva, 1958- 
710 2 |a Národohospodárska fakulta EU. Katedra bankovníctva a medzinárodných financií